3 indices pour un monument (2) - Statistiques

Statistiques générales
  • Ce quiz a été pris 78 fois
  • Le résultat moyen est 12 sur 25
Statistiques - réponses
Indice 1 Indice 2 Indice 3 Monument % Correct
Ensemble architectural Provence Pape Palais des Papes d'{Avignon}
86%
Yvelines Château Louis XIV Versailles
85%
Méditerranée Calcaire Falaises {Calanques} de Marseille
80%
Calcaire Aiguille Normandie Falaises d'{Etretat}
80%
Unesco Aqueduc Antiquité Pont du {Gard}
73%
Rois de France Sacre Cathédrale Notre-Dame de {Reims}
72%
Loire François 1er Anne Château des ducs de {Bretagne} à Nantes
66%
Cosmos Occitanie Expériences Cité de l'espace de {Toulouse}
66%
Art Mécénat Luxe Fondation {Louis Vuitton}
52%
Lac grotte Lot Gouffre de {Padirac}
52%
Normandie Débarquement 1988 Mémorial de {Caen}
52%
Antenne Pas-de-Calais Art Musée du Louvre à {Lens}
52%
Création contemporaine Japon 1937 Palais de {Tokyo}
51%
Mont Tombe Manche Archange Mont-Saint-Michel
46%
77 Demeure des rois Napoléon III Château de {Fontainebleau}
41%
Abattoirs Sciences Industrie Cité des sciences et de l'industrie de {La Villette}
38%
Haute-Loire Notre-Dame-de-France Dentelle Cathédrale du {Puy-en-Velay}
34%
Aveyron 1277 Cathédrale Notre-Dame de {Rodez}
34%
Bercy Musée Méliès 7e art {Cinémathèque} française
32%
Rhône Peinture Place des Terreaux Musée des {Beaux-arts} de Lyon
24%
Pèlerinage 1024 Vitraux Notre-Dame de {Chartres}
24%
Gironde Vigne Appellation Cité du {vin de Bordeaux}
14%
Art militaire Gironde Vauban Citadelle de {Blaye}
11%
Etablissement religieux Haute-Garonne Dominicains Couvent des {Jacobins} de Toulouse
10%
Cité romaine Canal de la Robine Cathédrale Trésor de la cathédrale de {Narbonne}
6%
Aucun quiz correspondant
Distribution des résultats
% des personnes avec chaque résultat
Percentile par nombre de réponses
Votre historique - résultats
Vous n’avez pas pris ce quiz